000 00591 a2200205 4500
005 20260414112340.0
008 260413b |||||||| |||| 00| 0 eng d
020 _a9788178247199
_cRs. 695.00
040 _aMAIN
082 _a305.9069140954
_bR141S
100 _aRamaswami, Shankar
245 _aSouls in the kalyug: Politics and cosmologies of migrant workers in contemporary India
260 _bPermanent Black
_c2025
_aRanikhet
300 _a293
650 _aSociology
650 _aSocial Groups
650 _aMigrant Groups
650 _aMigrant Workers- India
942 _cBK
999 _c394698
_d394698